[Event "XVII Festival A"]
[Site "Nichelino ITA"]
[Date "2016.10.07"]
[Round "1"]
[White "Barcellona, Antonino"]
[Black "D'Ingiullo, Roberto"]
[WhiteElo "1683"]
[BlackElo "2060"]
[Result "0-1"]
[PlyCount "104"]
[EventDate "2016.10.07"]

1. d4 Nf6 2. c4 Nc6 3. Nc3 e5 4. d5 Ne7 5. e4 Ng6 6. Nf3 Bc5 7. Be2 d6 8. Na4
Nxe4 9. Nxc5 Nxc5 10. b4 Ne4 11. O-O Nc3 12. Qc2 Nxe2+ 13. Qxe2 O-O 14. Rd1 Bg4
15. h3 Bxf3 16. Qxf3 f5 17. c5 Qh4 18. Kh2 e4 19. Qe2 Ne5 20. g3 Qe7 21. Be3 b6
22. Rac1 Nd3 23. cxd6 cxd6 24. Rc4 Rac8 25. Rxc8 Rxc8 26. Bxb6 Qb7 27. Bxa7 Ra8
28. Be3 Qxd5 29. Qh5 g6 30. Qg5 Qe5 31. b5 Qxb5 32. Bd4 Ne5 33. Qe7 Qd7 34.
Qxd7 Nxd7 35. Be3 Ra6 36. Bf4 Ne5 37. Kg2 Nd3 38. Rd2 Nxf4+ 39. gxf4 Kf7 40. h4
Ke6 41. Rc2 d5 42. Rc7 d4 43. Rxh7 d3 44. h5 d2 45. Rh6 d1=Q 46. Rxg6+ Kf7 47.
Rxa6 Qf3+ 48. Kg1 Qxh5 49. a4 Qg4+ 50. Kf1 Qxf4 51. Ra7+ Ke6 52. a5 e3 0-1

[Event "XVII Festival A"]
[Site "Nichelino ITA"]
[Date "2016.10.07"]
[Round "1"]
[White "Finocchiaro, Gianluca"]
[Black "Lizzul Coppe, Mirko"]
[WhiteElo "2076"]
[BlackElo "1895"]
[Result "1-0"]
[PlyCount "65"]
[EventDate "2016.10.07"]

1. e4 c5 2. Nf3 d6 3. Bb5+ Bd7 4. Bxd7+ Qxd7 5. d4 cxd4 6. Nxd4 Nf6 7. f3 g6 8.
c4 Bg7 9. Nc3 Nc6 10. Be3 O-O 11. O-O Rac8 12. b3 Rfd8 13. Qd2 e6 14. Rab1 d5
15. Nxc6 bxc6 16. exd5 exd5 17. cxd5 Nxd5 18. Nxd5 Qxd5 19. Qxd5 Rxd5 20. Rfd1
Rxd1+ 21. Rxd1 a5 22. Bb6 Bc3 23. Kf2 Kg7 24. Bd4+ Bxd4+ 25. Rxd4 Rb8 26. Rc4
Rb6 27. Ke3 Kf6 28. Kd4 Ke6 29. Kc5 Ra6 30. Ra4 Ra8 31. b4 Rb8 32. bxa5 Kd7 33.
a6 1-0

[Event "XVII Festival A"]
[Site "Nichelino ITA"]
[Date "2016.10.07"]
[Round "1"]
[White "Kukov, Velislav"]
[Black "Babilonia, Mauricio Rafael"]
[WhiteElo "2358"]
[BlackElo "2026"]
[Result "1-0"]
[PlyCount "57"]
[EventDate "2016.10.07"]

1. d4 d5 2. Bf4 Nf6 3. e3 e6 4. Nf3 Nbd7 5. Nbd2 Be7 6. Bd3 O-O 7. c3 h6 8. Qe2
a5 9. O-O Nh5 10. Be5 f6 11. Bg3 Nxg3 12. hxg3 f5 13. Ne5 Nxe5 14. dxe5 c6 15.
g4 Qc7 16. f4 b5 17. Nb3 Qb6 18. gxf5 exf5 19. Rad1 a4 20. Nd2 Rb8 21. Rf3 c5
22. Rh3 d4 23. c4 Be6 24. Rg3 Rfd8 25. e4 bxc4 26. Nxc4 Bxc4 27. Bxc4+ Kh8 28.
exf5 Qxb2 29. Qg4 1-0

[Event "XVII Festival A"]
[Site "Nichelino ITA"]
[Date "2016.10.07"]
[Round "1"]
[White "Llupa, Oltjon"]
[Black "Petkov, Vladimir"]
[WhiteElo "2038"]
[BlackElo "2517"]
[Result "0-1"]
[PlyCount "140"]
[EventDate "2016.10.07"]

1. d4 Nf6 2. c4 Nc6 3. Nf3 e6 4. Nc3 Bb4 5. Qc2 d6 6. Bd2 O-O 7. a3 Bxc3 8.
Bxc3 Qe7 9. e3 e5 10. d5 Nb8 11. h3 a5 12. b3 Nbd7 13. Be2 Nc5 14. Nd2 Bd7 15.
O-O Ne8 16. b4 Na4 17. e4 Nxc3 18. Qxc3 f5 19. exf5 Bxf5 20. Bd3 Qg5 21. Bxf5
Qxf5 22. bxa5 Nf6 23. Rab1 Ra7 24. Qe3 Rfa8 25. f4 Nd7 26. fxe5 Qxe5 27. Qf2
Qh5 28. a6 b6 29. Nf3 Rxa6 30. Nd4 Rxa3 31. Ne6 R3a7 32. Rb3 Ra1 33. Nxc7 Rxf1+
34. Qxf1 Rf8 35. Qe1 Ne5 36. Rxb6 Qg6 37. Kh1 Qd3 38. Rb1 Qxc4 39. Ne6 Rc8 40.
Qg3 g6 41. Qg5 Qd3 42. Ra1 Qf5 43. Qe7 Nf7 44. Rd1 Qf2 45. Ng5 Nxg5 46. Qxg5
Re8 47. Kh2 Re5 48. Qd8+ Kg7 49. Qxd6 Qf4+ 50. Kg1 Re1+ 51. Rxe1 Qxd6 52. Rd1
Kf6 53. Kf2 Ke7 54. Rd2 Qf4+ 55. Ke2 Kd6 56. Kd1 h5 57. Ke2 Qc4+ 58. Kf2 Qc1
59. Ke2 Qg1 60. Kf3 Qf1+ 61. Ke3 Qe1+ 62. Re2 Qc3+ 63. Kf2 Qd4+ 64. Re3 Kxd5
65. g3 g5 66. Ke2 Qc4+ 67. Kf2 Kd4 68. Re2 Kd3 69. Re3+ Kd2 70. Rf3 Qe2+ 0-1

[Event "XVII Festival A"]
[Site "Nichelino ITA"]
[Date "2016.10.07"]
[Round "1"]
[White "Martin, Tiziano"]
[Black "Cacinschi, Alexandru"]
[WhiteElo "1912"]
[BlackElo "2110"]
[Result "1/2-1/2"]
[PlyCount "95"]
[EventDate "2016.10.07"]

1. d4 g6 2. Nf3 Bg7 3. Bf4 d6 4. e3 Nf6 5. h3 c5 6. c3 O-O 7. Nbd2 Nc6 8. Bc4
Qb6 9. Qb3 Na5 10. Qxb6 axb6 11. Bd3 Nc6 12. O-O Re8 13. Bb5 Nd7 14. Nc4 d5 15.
Nce5 Ncxe5 16. Nxe5 Rd8 17. Nf3 Ra5 18. Be2 Re8 19. Rfd1 c4 20. Kf1 Nf6 21. Bc7
Ra6 22. Nd2 b5 23. Bf3 Bf5 24. a3 Bd3+ 25. Kg1 Ne4 26. g4 e6 27. Nxe4 dxe4 28.
Bg2 f5 29. Re1 Kf7 30. f4 Bf8 31. Rac1 Rea8 32. Be5 Ke7 33. g5 Kd7 34. Kf2 Kc6
35. h4 Kb6 36. h5 Ka5 37. h6 Ka4 38. Red1 Kb3 39. Rd2 Ra4 40. Bf1 R8a6 41. Be2
Bxe2 42. Kxe2 Bd6 43. Bxd6 Rxd6 44. Ke1 Rc6 45. Rcd1 b4 46. axb4 Ra2 47. Rb1
Rd6 48. Rf2 1/2-1/2

[Event "XVII Festival A"]
[Site "Nichelino ITA"]
[Date "2016.10.07"]
[Round "1"]
[White "Rotundo, Raffaele"]
[Black "Manfredi, Vincenzo"]
[WhiteElo "1949"]
[BlackElo "2218"]
[Result "1/2-1/2"]
[PlyCount "78"]
[EventDate "2016.10.07"]

1. e4 c5 2. c3 d6 3. d4 Nf6 4. Bd3 cxd4 5. cxd4 g6 6. Nf3 Bg7 7. O-O O-O 8. Nc3
Bg4 9. h3 Bxf3 10. Qxf3 Nc6 11. Be3 Nd7 12. d5 Nce5 13. Qe2 Qa5 14. Rac1 Rac8
15. f4 Nxd3 16. Qxd3 a6 17. Bd4 Bxd4+ 18. Qxd4 b5 19. b3 Qa3 20. Qd2 Qb4 21.
Qe3 Qc5 22. Kf2 Qa3 23. Kg1 Nc5 24. e5 b4 25. Ne2 Qxa2 26. Nd4 Qa5 27. Nc6 Rxc6
28. dxc6 Qc7 29. exd6 exd6 30. f5 Qxc6 31. fxg6 hxg6 32. Qe7 Qd5 33. Rfd1 Qxb3
34. Rxd6 Ne6 35. Rf1 Ng7 36. Rxg6 fxg6 37. Rxf8+ Kh7 38. Qh4+ Nh5 39. Qe7+ Ng7
1/2-1/2

[Event "XVII Festival A"]
[Site "Nichelino ITA"]
[Date "2016.10.07"]
[Round "1"]
[White "Seletsky, Grigory"]
[Black "Buffa Sabarino, Pietro"]
[WhiteElo "2294"]
[BlackElo "1952"]
[Result "1-0"]
[PlyCount "119"]
[EventDate "2016.10.07"]

1. e4 d6 2. Nf3 Nf6 3. Nc3 g6 4. d4 Bg7 5. h3 O-O 6. Be3 b6 7. Bd3 c5 8. e5
dxe5 9. dxe5 Nd5 10. Be4 Nc7 11. Bxa8 Nxa8 12. Qxd8 Rxd8 13. Rd1 Rxd1+ 14. Kxd1
Nc6 15. Bf4 Nc7 16. Re1 Bf5 17. Bh2 Kf8 18. g4 Bc8 19. Ng5 Kg8 20. f4 Bb7 21.
f5 Nd4 22. e6 f6 23. Nf7 Nd5 24. Nxd5 Bxd5 25. c3 Nf3 26. Re2 gxf5 27. gxf5
Bxa2 28. Rf2 Ng5 29. Nxg5 fxg5 30. Bb8 a6 31. Ba7 Be5 32. Bxb6 Bd6 33. Kc2 Bd5
34. Kd3 Kg7 35. c4 Bc6 36. Ba5 Be5 37. Bc3 Kf6 38. Ke3 h5 39. Bxe5+ Kxe5 40. b3
g4 41. hxg4 hxg4 42. Ra2 Bb7 43. Ra5 Kxf5 44. Rxc5+ Kxe6 45. Rg5 Kd6 46. b4 Bc8
47. Kf4 Be6 48. Rg6 Kd7 49. c5 Bc4 50. Kxg4 e6 51. Kf4 Kc6 52. Ke5 a5 53. Kd4
Bd5 54. bxa5 Kb5 55. Rg1 Kxa5 56. Rb1 Ka6 57. Ke5 Bc4 58. Kd6 Bb5 59. Rxb5 Kxb5
60. c6 1-0

[Event "XVII Festival A"]
[Site "Nichelino ITA"]
[Date "2016.10.07"]
[Round "1"]
[White "Tripodi, Enzo"]
[Black "Brodsky, Igor"]
[WhiteElo "1962"]
[BlackElo "2295"]
[Result "0-1"]
[PlyCount "136"]
[EventDate "2016.10.07"]

1. e4 g6 2. d4 Bg7 3. Nf3 c5 4. c3 cxd4 5. cxd4 d5 6. e5 Bg4 7. Nbd2 e6 8. h3
Bxf3 9. Nxf3 Nc6 10. Bd3 Nge7 11. O-O Qb6 12. a3 O-O 13. Bc2 Nf5 14. Bxf5 exf5
15. b4 Rac8 16. Bb2 a5 17. Qb3 Qb5 18. Rac1 b6 19. Rfd1 Bh6 20. Rb1 axb4 21.
axb4 Na5 22. Qd3 Qxd3 23. Rxd3 Nc4 24. Kf1 b5 25. Ke2 Ra8 26. Bc1 Ra2+ 27. Nd2
Rc8 28. Ke1 Bf8 29. Nxc4 Rxc4 30. Bd2 Ra4 31. Ke2 Be7 32. Ke3 Kg7 33. f4 h5 34.
g3 Bxb4 35. Bxb4 Rcxb4 36. Rxb4 Rxb4 37. Rc3 Rc4 38. Rb3 b4 39. Kd3 h4 40. gxh4
Kh6 41. Rb2 Kh5 42. Re2 Rc6 43. Rb2 Rb6 44. Rb3 Kxh4 45. Ke2 Kh5 46. Kf3 Kh6
47. Kg3 Kg7 48. Kh4 Kf8 49. Kg5 Ke7 50. h4 Kd7 51. h5 gxh5 52. Kxf5 Kc6 53. e6
fxe6+ 54. Kxe6 Kb5+ 55. Kxd5 Ka4 56. Rb1 b3 57. Kc5 Rb5+ 58. Kc4 b2 59. d5 Rb4+
60. Kc5 Ka3 61. f5 Ka2 62. Rxb2+ Rxb2 63. Kd6 h4 64. f6 h3 65. f7 Rf2 66. Ke7
h2 67. d6 h1=Q 68. f8=Q Qe4+ 0-1

[Event "XVII Festival A"]
[Site "Nichelino ITA"]
[Date "2016.10.07"]
[Round "1"]
[White "Yao, Stefano"]
[Black "Di Chiara, Mauro"]
[WhiteElo "2141"]
[BlackElo "1935"]
[Result "1-0"]
[PlyCount "89"]
[EventDate "2016.10.07"]

1. d4 g6 2. e4 Bg7 3. Nf3 d6 4. Nc3 Nf6 5. h3 O-O 6. Be3 c6 7. a4 d5 8. e5 Ne4
9. Nxe4 dxe4 10. Ng5 c5 11. c3 Qd5 12. f3 exf3 13. Nxf3 Nc6 14. dxc5 Qe4 15.
Qd3 Qxd3 16. Bxd3 Nxe5 17. Nxe5 Bxe5 18. Be4 f5 19. Bd5+ e6 20. Bf3 Bg7 21.
O-O-O e5 22. Bd5+ Kh8 23. c6 bxc6 24. Bxc6 Rb8 25. Bxa7 Bb7 26. Bxb7 Rxb7 27.
Bc5 Ra8 28. a5 Bh6+ 29. Kc2 e4 30. Rhe1 Kg8 31. b4 Kf7 32. Rd5 Ke6 33. c4 Rc8
34. Rd6+ Ke5 35. a6 Rf7 36. Rd5+ Ke6 37. Kb3 Bf8 38. Bxf8 Rcxf8 39. b5 Rb8 40.
Kc3 Rc7 41. Kd4 Rb6 42. Rb1 Ra7 43. c5 Raxa6 44. cxb6 Ra4+ 45. Kc5 1-0

[Event "XVII Festival A"]
[Site "Nichelino ITA"]
[Date "2016.10.08"]
[Round "2"]
[White "Babilonia, Mauricio Rafael"]
[Black "Martin, Tiziano"]
[WhiteElo "2026"]
[BlackElo "1912"]
[Result "1/2-1/2"]
[PlyCount "102"]
[EventDate "2016.10.07"]

1. d4 d5 2. c4 e6 3. Nc3 a6 4. cxd5 exd5 5. Nf3 c6 6. g3 Nf6 7. Qc2 Be7 8. Bg2
Nbd7 9. O-O O-O 10. Re1 Re8 11. a3 Bd6 12. Bg5 h6 13. Bxf6 Nxf6 14. Nd2 Bb8 15.
Rad1 Ng4 16. h3 Nf6 17. e4 dxe4 18. Ndxe4 Nxe4 19. Rxe4 Be6 20. d5 cxd5 21.
Nxd5 Bd6 22. Nf4 Rc8 23. Qe2 Qc7 24. Nxe6 fxe6 25. Rxe6 Red8 26. Qg4 Be5 27.
Re1 Bxb2 28. Be4 Qf7 29. Bg6 Qf8 30. Bf5 Rc6 31. Bg6 Rcc8 32. Re7 Bxa3 33. Qe6+
Kh8 34. Rf7 Qd6 35. Rxg7 Qxe6 36. Rh7+ Kg8 37. Rxe6 Rc6 38. Rxb7 Rxe6 39. Bf7+
Kg7 40. Bxe6+ Kf6 41. Bg4 a5 42. Rb6+ Rd6 43. Rxd6+ Bxd6 44. f4 a4 45. Bd1 a3
46. Bb3 Bc5+ 47. Kg2 Bd6 48. Kf3 Bc5 49. Ba2 Bd6 50. Ke4 Bb4 51. g4 Be1 1/2-1/2

[Event "XVII Festival A"]
[Site "Nichelino ITA"]
[Date "2016.10.08"]
[Round "2"]
[White "Brodsky, Igor"]
[Black "Yao, Stefano"]
[WhiteElo "2295"]
[BlackElo "2141"]
[Result "1-0"]
[PlyCount "111"]
[EventDate "2016.10.07"]

1. g3 d5 2. Bg2 Nf6 3. Nf3 c6 4. c4 dxc4 5. O-O e6 6. a4 Na6 7. Na3 Bxa3 8.
Rxa3 Nb4 9. b3 cxb3 10. a5 O-O 11. d4 b6 12. axb6 Qxb6 13. Rxb3 a5 14. Ba3 Qd8
15. Qb1 Rb8 16. Rc1 Nfd5 17. e3 f6 18. Nd2 Ba6 19. Nc4 Qc7 20. Bh3 Kf7 21. Qe4
Rfe8 22. Bf1 Kg8 23. Qb1 Red8 24. h4 f5 25. Bg2 Bxc4 26. Rxc4 Rb5 27. e4 Nb6
28. Rc5 Rxc5 29. dxc5 Nc4 30. Bxb4 axb4 31. Rxb4 Nd2 32. Qa2 fxe4 33. Qxe6+ Qf7
34. Qxf7+ Kxf7 35. Rb7+ Ke6 36. Rxg7 Kd5 37. Rxh7 Kxc5 38. h5 Kd4 39. h6 c5 40.
Rg7 c4 41. h7 Rh8 42. Rd7+ Kc3 43. g4 Kc2 44. g5 c3 45. g6 Kb2 46. Rb7+ Ka1 47.
Rc7 Kb2 48. Rb7+ Ka1 49. Bh3 c2 50. Rc7 Kb2 51. Bf5 Nf3+ 52. Kf1 Rd8 53. Bxe4
Nd2+ 54. Ke2 Nxe4 55. Rxc2+ Kxc2 56. g7 1-0

[Event "XVII Festival A"]
[Site "Nichelino ITA"]
[Date "2016.10.08"]
[Round "2"]
[White "Buffa Sabarino, Pietro"]
[Black "Doromeychuk, Anton"]
[WhiteElo "1952"]
[BlackElo "1844"]
[Result "1-0"]
[PlyCount "97"]
[EventDate "2016.10.07"]

1. e4 b6 2. d4 Bb7 3. Bd3 e6 4. Nf3 Nf6 5. e5 Nd5 6. Be4 Ne3 7. Qd3 Nd5 8. a3
Ba6 9. Qb3 c6 10. c4 Nc7 11. O-O d5 12. Bd3 c5 13. Rd1 dxc4 14. Bxc4 Bxc4 15.
Qxc4 Nc6 16. Nc3 Na5 17. Qa4+ Qd7 18. Qxd7+ Kxd7 19. dxc5+ Ke8 20. cxb6 axb6
21. Bg5 h6 22. Bh4 Nb3 23. Rab1 Be7 24. Bxe7 Kxe7 25. Nd4 Nxd4 26. Rxd4 Rhd8
27. Rbd1 Rxd4 28. Rxd4 Ra5 29. f4 Rc5 30. Kf2 f6 31. exf6+ gxf6 32. Ke3 Nb5 33.
Nxb5 Rxb5 34. b4 Rh5 35. h3 b5 36. Ke4 Rh4 37. Kf3 Rh5 38. Kg4 Rf5 39. Kg3 Rh5
40. Kf3 Rh4 41. Rd3 Rh5 42. Kg4 Rf5 43. Rd4 Rd5 44. Rxd5 exd5 45. Kf3 f5 46.
Ke3 h5 47. Kd4 Ke6 48. g3 Kd6 49. h4 1-0

[Event "XVII Festival A"]
[Site "Nichelino ITA"]
[Date "2016.10.08"]
[Round "2"]
[White "Cacinschi, Alexandru"]
[Black "Rotundo, Raffaele"]
[WhiteElo "2110"]
[BlackElo "1949"]
[Result "1/2-1/2"]
[PlyCount "51"]
[EventDate "2016.10.07"]

1. c4 e6 2. d3 d5 3. Nd2 Nf6 4. Ngf3 c5 5. g3 Nc6 6. Bg2 Be7 7. O-O O-O 8. cxd5
exd5 9. b3 Be6 10. Bb2 Rc8 11. Rc1 d4 12. Nc4 Re8 13. e4 dxe3 14. fxe3 Bg4 15.
h3 Bh5 16. g4 Bg6 17. Nfe5 Nxe5 18. Nxe5 Bd6 19. Nxg6 hxg6 20. Bxf6 gxf6 21.
Bxb7 Rxe3 22. Rf3 Rxf3 23. Qxf3 Rc7 24. Be4 Be5 25. Rf1 Qd4+ 26. Qf2 1/2-1/2

[Event "XVII Festival A"]
[Site "Nichelino ITA"]
[Date "2016.10.08"]
[Round "2"]
[White "D'Ingiullo, Roberto"]
[Black "Kukov, Velislav"]
[WhiteElo "2060"]
[BlackElo "2358"]
[Result "0-1"]
[PlyCount "100"]
[EventDate "2016.10.07"]

1. e4 c6 2. Nc3 d5 3. Nf3 g6 4. exd5 cxd5 5. Ne5 Nf6 6. d4 Bg7 7. Bb5+ Nbd7 8.
Qf3 O-O 9. Bxd7 Bxd7 10. Nxd7 Qxd7 11. O-O e6 12. Bf4 Ne8 13. Be5 Nd6 14. Rfe1
Rac8 15. Re2 Nc4 16. Bxg7 Kxg7 17. Nd1 Rc6 18. c3 Rb6 19. b3 Nd6 20. Ne3 Rc8
21. Rc1 Qd8 22. Qf4 Rbc6 23. Rec2 Qf6 24. Qxf6+ Kxf6 25. c4 dxc4 26. bxc4 Kg7
27. Kf1 f5 28. f4 Ne4 29. Ke2 Rd8 30. d5 Ra6 31. Rb2 Nc5 32. Rb5 b6 33. Rb2 Ra3
34. Rd1 exd5 35. Rxd5 Re8 36. Re5 Rxe5 37. fxe5 Nd3 38. Rb5 Nf4+ 39. Kf3 Ne6
40. Kf2 Rxa2+ 41. Kf1 Ra1+ 42. Kf2 Nc5 43. Kf3 Kf7 44. g4 Ke6 45. gxf5+ gxf5
46. Kf4 h6 47. Nd5 Rf1+ 48. Ke3 Kxe5 49. Ne7 Ra1 50. Nc8 Ra3+ 0-1

[Event "XVII Festival A"]
[Site "Nichelino ITA"]
[Date "2016.10.08"]
[Round "2"]
[White "Di Chiara, Mauro"]
[Black "Llupa, Oltjon"]
[WhiteElo "1935"]
[BlackElo "2038"]
[Result "1/2-1/2"]
[PlyCount "57"]
[EventDate "2016.10.07"]

1. d4 d5 2. Nf3 Nf6 3. c4 c6 4. cxd5 cxd5 5. Nc3 Nc6 6. Bf4 Bf5 7. Qb3 Na5 8.
Qa4+ Bd7 9. Qc2 e6 10. e3 Be7 11. Bd3 Nc6 12. a3 Nh5 13. Be5 f6 14. Bg3 Nxg3
15. hxg3 f5 16. Qe2 Qb6 17. b4 Nxb4 18. axb4 Bxb4 19. Rc1 Rc8 20. Ne5 Rxc3 21.
Qh5+ g6 22. Qxg6+ hxg6 23. Rxh8+ Ke7 24. Rh7+ Kf8 25. Nxd7+ Kg8 26. Nf6+ Kf8
27. Nd7+ Kg8 28. Nf6+ Kf8 29. Nd7+ 1/2-1/2

[Event "XVII Festival A"]
[Site "Nichelino ITA"]
[Date "2016.10.08"]
[Round "2"]
[White "Lizzul Coppe, Mirko"]
[Black "Tripodi, Enzo"]
[WhiteElo "1895"]
[BlackElo "1962"]
[Result "0-1"]
[PlyCount "64"]
[EventDate "2016.10.07"]

1. e4 c5 2. Nf3 d6 3. d4 cxd4 4. Nxd4 Nf6 5. Nc3 a6 6. Be3 e5 7. Nb3 Be7 8. f3
Be6 9. Qd2 Nbd7 10. O-O-O O-O 11. g4 b5 12. h4 Nb6 13. Bxb6 Qxb6 14. Bh3 b4 15.
Nd5 Bxd5 16. exd5 a5 17. Kb1 a4 18. Nc1 Rfb8 19. b3 Ra5 20. Qe2 Nxd5 21. Rxd5
Rxd5 22. g5 a3 23. Nd3 Qd4 24. Qe4 Rbb5 25. Bd7 Qc3 26. Qc4 Rbc5 27. Qxc3 Rxc3
28. Nxb4 Rd2 29. Bf5 d5 30. Kc1 Rd4 31. Nd3 g6 32. Nxe5 gxf5 0-1

[Event "XVII Festival A"]
[Site "Nichelino ITA"]
[Date "2016.10.08"]
[Round "2"]
[White "Manfredi, Vincenzo"]
[Black "Finocchiaro, Gianluca"]
[WhiteElo "2218"]
[BlackElo "2076"]
[Result "1-0"]
[PlyCount "63"]
[EventDate "2016.10.07"]

1. d4 d6 2. Nf3 Bg4 3. Qd3 c6 4. c4 Nf6 5. Nc3 Nbd7 6. g3 e5 7. Bg2 Be7 8. O-O
O-O 9. Re1 Re8 10. e4 Qc7 11. Bg5 Nf8 12. d5 c5 13. a3 a6 14. b3 Qd7 15. Ra2
Rab8 16. b4 cxb4 17. axb4 Bxf3 18. Bxf6 Bxg2 19. Bxe7 Bxe4 20. Nxe4 Qxe7 21. c5
dxc5 22. bxc5 f5 23. Nd6 g6 24. Nxe8 Rxe8 25. d6 Qe6 26. Rb2 Nd7 27. Rc1 Rc8
28. Rxb7 Nxc5 29. Rxc5 Rxc5 30. d7 Rc1+ 31. Kg2 Qc6+ 32. Kh3 1-0

[Event "XVII Festival A"]
[Site "Nichelino ITA"]
[Date "2016.10.08"]
[Round "2"]
[White "Petkov, Vladimir"]
[Black "Seletsky, Grigory"]
[WhiteElo "2517"]
[BlackElo "2294"]
[Result "1-0"]
[PlyCount "75"]
[EventDate "2016.10.07"]

1. Nf3 d5 2. g3 c6 3. Bg2 Bg4 4. O-O Nd7 5. d4 e6 6. Nbd2 f5 7. c4 Bd6 8. Qb3
Rb8 9. Qe3 Qf6 10. b4 Nh6 11. b5 O-O 12. Ba3 Qe7 13. Bxd6 Qxd6 14. bxc6 bxc6
15. c5 Qe7 16. Rab1 Bxf3 17. Nxf3 Nf7 18. Rb3 g6 19. Qd3 e5 20. Qa6 Rxb3 21.
axb3 e4 22. Ne1 Nb8 23. Qa4 f4 24. gxf4 e3 25. Nd3 exf2+ 26. Rxf2 Qe3 27. Kf1
Nh6 28. Rf3 Qe4 29. Bh3 g5 30. Qa1 gxf4 31. Qxa7 Nf5 32. Bxf5 Qxf5 33. Qc7 Nd7
34. Qxc6 Nf6 35. Qd6 Ng4 36. Rxf4 Ne3+ 37. Kf2 Nd1+ 38. Ke1 1-0

[Event "XVII Festival A"]
[Site "Nichelino ITA"]
[Date "2016.10.08"]
[Round "3"]
[White "Doromeychuk, Anton"]
[Black "Di Chiara, Mauro"]
[WhiteElo "1844"]
[BlackElo "1935"]
[Result "0-1"]
[PlyCount "120"]
[EventDate "2016.10.07"]

1. d4 d6 2. c4 Nf6 3. Nc3 g6 4. e4 Bg7 5. Nge2 O-O 6. Ng3 e5 7. d5 h5 8. Be2
Nbd7 9. Bg5 Qe8 10. Qd2 a6 11. O-O Nh7 12. Bh6 h4 13. Bxg7 Kxg7 14. Nh1 Qe7 15.
b4 Qg5 16. Qxg5 Nxg5 17. f3 f5 18. Nf2 Nf6 19. h3 Nh5 20. Bd3 Nf4 21. Bc2 Bd7
22. Nd3 fxe4 23. Nxf4 Rxf4 24. Bxe4 Raf8 25. Rae1 Nxe4 26. Rxe4 g5 27. Rf2 Kg6
28. Kf1 Bf5 29. Rxf4 Bd3+ 30. Ke1 Rxf4 31. Rd2 Bf5 32. Rb2 Rxc4 33. Kd2 c6 34.
dxc6 bxc6 35. a4 d5 36. b5 cxb5 37. axb5 d4 38. Ne4 Bxe4 39. fxe4 axb5 40. Rxb5
Ra4 41. Ke2 Ra2+ 42. Kf3 Ra3+ 43. Kf2 Kf6 44. Rb6+ Ke7 45. Rg6 Rg3 46. Ra6 Re3
47. Rg6 Rxe4 48. Rxg5 Ke6 49. Rg8 Kd5 50. Rd8+ Kc4 51. g4 hxg3+ 52. Kxg3 Kd3
53. h4 Ke2 54. h5 Rf4 55. h6 Rf6 56. Re8 Rg6+ 57. Kh4 Rxh6+ 58. Kg5 Rd6 59.
Rxe5+ Kf3 60. Rf5+ Ke4 0-1

[Event "XVII Festival A"]
[Site "Nichelino ITA"]
[Date "2016.10.08"]
[Round "3"]
[White "Finocchiaro, Gianluca"]
[Black "Barcellona, Antonino"]
[WhiteElo "2076"]
[BlackElo "1683"]
[Result "1-0"]
[PlyCount "43"]
[EventDate "2016.10.07"]

1. e4 e5 2. Nf3 Nc6 3. d4 exd4 4. Nxd4 Nf6 5. Nc3 Bb4 6. Nxc6 bxc6 7. Bd3 O-O
8. O-O Re8 9. Qf3 d5 10. exd5 cxd5 11. Bg5 Bxc3 12. bxc3 Qd6 13. Bxf6 Qxf6 14.
Qxd5 c6 15. Qd4 Qg5 16. f4 Qa5 17. Be4 c5 18. Qd3 Ba6 19. Bxh7+ Kh8 20. Qh3 Re6
21. Bg6+ Kg8 22. Qh7+ {...} 1-0

[Event "XVII Festival A"]
[Site "Nichelino ITA"]
[Date "2016.10.08"]
[Round "3"]
[White "Kukov, Velislav"]
[Black "Petkov, Vladimir"]
[WhiteElo "2358"]
[BlackElo "2517"]
[Result "1/2-1/2"]
[PlyCount "25"]
[EventDate "2016.10.07"]

1. d4 Nf6 2. Nf3 d5 3. c4 e6 4. Nc3 Nbd7 5. cxd5 exd5 6. Bg5 c6 7. e3 h6 8. Bh4
g5 9. Bg3 Nh5 10. Bd3 Nxg3 11. hxg3 Bg7 12. Qc2 Nb6 13. Ne2 1/2-1/2

[Event "XVII Festival A"]
[Site "Nichelino ITA"]
[Date "2016.10.08"]
[Round "3"]
[White "Llupa, Oltjon"]
[Black "Babilonia, Mauricio Rafael"]
[WhiteElo "2038"]
[BlackElo "2026"]
[Result "1/2-1/2"]
[PlyCount "84"]
[EventDate "2016.10.07"]

1. d4 d5 2. c4 c6 3. cxd5 cxd5 4. Bf4 Nf6 5. Nc3 e6 6. e3 a6 7. Bd3 Bd6 8. Bxd6
Qxd6 9. Rc1 O-O 10. f4 b5 11. Nf3 Bb7 12. O-O Nbd7 13. a4 b4 14. Nb1 Rac8 15.
Qe2 Ne4 16. Nbd2 Ndf6 17. Ne5 Nxd2 18. Qxd2 a5 19. Rxc8 Rxc8 20. Rc1 Rxc1+ 21.
Qxc1 Ne8 22. Bb5 Nc7 23. Nd3 Kf8 24. Qc5 Ke7 25. Kf2 f6 26. Qxd6+ Kxd6 27. Nc5
Bc8 28. Bd3 h6 29. Nb3 Bd7 30. Nxa5 Bxa4 31. Nb7+ Kc6 32. Nc5 Bb5 33. Bxb5+
Kxb5 34. b3 Kc6 35. Nd3 Na6 36. g4 Kd6 37. h4 g6 38. Kf3 Ke7 39. f5 exf5 40.
gxf5 g5 41. Kg4 Kf7 42. Kh5 Kg7 1/2-1/2

[Event "XVII Festival A"]
[Site "Nichelino ITA"]
[Date "2016.10.08"]
[Round "3"]
[White "Manfredi, Vincenzo"]
[Black "Brodsky, Igor"]
[WhiteElo "2218"]
[BlackElo "2295"]
[Result "1-0"]
[PlyCount "123"]
[EventDate "2016.10.07"]

1. d4 c5 2. d5 Nf6 3. Nc3 d6 4. e4 g6 5. Nf3 Bg7 6. Bb5+ Bd7 7. a4 O-O 8. h3
Na6 9. O-O Nc7 10. Bxd7 Qxd7 11. Re1 e6 12. dxe6 Nxe6 13. Qd3 Rad8 14. Nd5 Nxd5
15. exd5 Nd4 16. Nxd4 Bxd4 17. c3 Bg7 18. Bf4 Rfe8 19. Qb5 Rxe1+ 20. Rxe1 h6
21. Qxd7 Rxd7 22. Re8+ Kh7 23. g4 g5 24. Bg3 Bf6 25. Kf1 Kg7 26. Rb8 Bd8 27.
Ke2 f5 28. f3 f4 29. Bf2 Bf6 30. Kd3 Kf7 31. b3 Rc7 32. Be1 a6 33. Bd2 Rd7 34.
c4 Re7 35. Rd8 Re3+ 36. Bxe3 Bxd8 37. Bd2 Bf6 38. Ke4 Kg6 39. Ba5 Be7 40. Bb6
Kf6 41. Bc7 Kg6 42. Ba5 Bf6 43. Be1 Bb2 44. h4 b6 45. h5+ Kf6 46. b4 Ba3 47.
Bc3+ Kf7 48. bxc5 bxc5 49. Kf5 Bb4 50. Bf6 Ba5 51. Bxg5 hxg5 52. Kxg5 Bd2 53.
Kf5 Bc1 54. g5 Bd2 55. h6 Bc3 56. Kxf4 Kg6 57. Kg4 Bd4 58. f4 Bc3 59. f5+ Kf7
60. Kh5 a5 61. f6 Kg8 62. Kg6 1-0

[Event "XVII Festival A"]
[Site "Nichelino ITA"]
[Date "2016.10.08"]
[Round "3"]
[White "Martin, Tiziano"]
[Black "D'Ingiullo, Roberto"]
[WhiteElo "1912"]
[BlackElo "2060"]
[Result "0-1"]
[PlyCount "80"]
[EventDate "2016.10.07"]

1. d4 Nf6 2. Nf3 e6 3. Bg5 Be7 4. Nbd2 d6 5. e3 Nbd7 6. Bf4 Nh5 7. Bg3 c5 8. c3
Nxg3 9. hxg3 Nf6 10. Bd3 Qc7 11. Ne4 Nxe4 12. Bxe4 f5 13. Bc2 O-O 14. Nd2 g6
15. Bb3 Bf6 16. Nf3 Kh8 17. Qe2 e5 18. dxe5 dxe5 19. O-O Bd7 20. Rfd1 Bc6 21.
Bd5 e4 22. Bxc6 Qxc6 23. Nh2 h5 24. Nf1 Rad8 25. Rxd8 Rxd8 26. Rd1 Rd6 27. Rxd6
Qxd6 28. Qb5 Qc7 29. a4 a6 30. Qc4 Qc6 31. Qa2 Qd6 32. Qb3 Qc6 33. c4 b6 34.
Nd2 Qd6 35. Nf1 Kg7 36. Qa2 Qd3 37. b3 Bc3 38. Nh2 Qd1+ 39. Nf1 a5 40. Qa3 Qc2
0-1

[Event "XVII Festival A"]
[Site "Nichelino ITA"]
[Date "2016.10.08"]
[Round "3"]
[White "Seletsky, Grigory"]
[Black "Rotundo, Raffaele"]
[WhiteElo "2294"]
[BlackElo "1949"]
[Result "1-0"]
[PlyCount "91"]
[EventDate "2016.10.07"]

1. e4 e5 2. Nf3 Nc6 3. Bc4 Bc5 4. c3 Nf6 5. d3 d6 6. Bb3 h6 7. Nbd2 a6 8. O-O
O-O 9. h3 Bd7 10. Re1 Be6 11. Bc2 Qd7 12. Nf1 d5 13. exd5 Nxd5 14. Nxe5 Nxe5
15. Rxe5 Bd6 16. Re1 Nf4 17. Bxf4 Bxf4 18. d4 c6 19. Bb3 Bf5 20. Qf3 Bd6 21.
Ne3 Bg6 22. Nc4 Qc7 23. Nxd6 Qxd6 24. Re5 Rfe8 25. Rae1 Rxe5 26. Rxe5 Kf8 27.
Qg3 Rd8 28. f4 b6 29. Qf3 a5 30. f5 Bh7 31. Re6 fxe6 32. fxe6+ Kg8 33. e7+ Kh8
34. exd8=Q+ Qxd8 35. Qxc6 Bd3 36. Bf7 Kh7 37. Qe8 Qxe8 38. Bxe8 g5 39. Kf2 Kg7
40. Bh5 Kf6 41. Ke3 Bb1 42. a3 Ba2 43. g3 b5 44. Be2 b4 45. axb4 axb4 46. c4
1-0